| 000 | 00343 a2200133 4500 | ||
|---|---|---|---|
| 005 | 20250625140123.0 | ||
| 020 | _a978-0-340-94178-2 | ||
| 082 | _a658 BIL | ||
| 100 | _aBILLINGTON, M | ||
| 245 | _aBusiness and Communications System | ||
| 260 |
_aLondon _bHodder Arrnold _c2007. |
||
| 300 |
_av,132p.: ill.;figures _bIndex _c27cm |
||
| 942 |
_2ddc _cBKS |
||
| 999 |
_c5093 _d5093 |
||